| 000 | 00418nam a2200169Ia 4500 | ||
|---|---|---|---|
| 008 | 100316t2005 xxu||||| |||| 00| 0 sin d | ||
| 041 | _asin | ||
| 080 |
_aX8S31 _bGUN |
||
| 100 | _aGunarathna, Malkanthi | ||
| 245 | _aසඳක් වූ ඇය | ||
| 246 | _aSadak Vu Aeya | ||
| 260 |
_bRathna _aColombo _c2005 |
||
| 300 | _a258p., 21 cm | ||
| 942 | _cBK | ||
| 999 |
_c72487 _d72487 |
||
| 003 | LK-CoDNM | ||
| 040 |
_aLK-CoDNM _dLK-CoDNM _eLK-CoDNM |
||